[Event "FIDE World Cup"]
[Site "Baku"]
[Date "2023.07.31"]
[Round "1.2"]
[White "Adhiban, Baskaran"]
[Black "Henderson de la Fuente, Lance"]
[Result "1/2-1/2"]
[WhiteElo "2587"]
[BlackElo "2517"]
[PlyCount "89"]
[EventDate "2023.07.30"]
[EventType "k.o."]
[EventRounds "8"]
[EventCountry "AZE"]
[SourceTitle "EXT 2024"]
[Source "ChessBase"]
[SourceDate "2023.10.10"]
[SourceVersion "1"]
[SourceVersionDate "2023.10.10"]
[SourceQuality "1"]

1. d4 d5 2. c4 e6 3. Nf3 c6 4. e3 Nf6 5. Nc3 Nbd7 6. Bd3 Bd6 7. e4 dxe4 8. Nxe4 Nxe4 9. Bxe4 0-0 10. 0-0 c5 11. Re1 cxd4 12. Qxd4 Bc5 13. Qd2 Nf6 14. Bc2 b6 15. Qe2 Bb7 16. Bg5 Qc7 17. Bxf6 gxf6 18. Be4 Rad8 19. Bxb7 Qxb7 20. Rad1 Bb4 21. Rf1 Bc5 22. Rfe1 Bb4 23. Rf1 Bc5 24. b3 Rfe8 25. Rfe1 Bb4 26. Rf1 Bc5 27. h3 Qc7 28. Qe4 Rxd1 29. Rxd1 Rd8 30. Rxd8+ Qxd8 31. g4 Kg7 32. Kg2 Qd1 33. Qe1 Qc2 34. Qd2 Qe4 35. b4 Be7 36. Qc3 Kg8 37. a3 a5 38. bxa5 bxa5 39. Qxa5 Qxc4 40. a4 Kg7 41. Qb5 Qc2 42. Nd4 Qe4+ 43. Nf3 Qc2 44. Nd4 Qe4+ 45. Nf3 1/2-1/2

[Event "Catalunya-chT Gp1"]
[Site "Barcelona"]
[Date "2023.03.04"]
[Round "7.1"]
[White "Henderson de la Fuente, Lance"]
[Black "Jerez Perez, Alfonso"]
[Result "0-1"]
[WhiteElo "2506"]
[BlackElo "2338"]
[PlyCount "108"]
[EventDate "2023.01.21"]
[EventType "team-tourn"]
[EventRounds "7"]
[EventCountry "ESP"]
[SourceTitle "CBM 213 Extra"]
[Source "ChessBase"]
[SourceDate "2023.05.31"]
[SourceVersion "1"]
[SourceVersionDate "2023.05.31"]
[SourceQuality "1"]
[WhiteTeam "Andorra"]
[BlackTeam "Foment Martinenc"]
[WhiteTeamCountry "AND"]
[BlackTeamCountry "ESP"]

1. d4 Nf6 2. Nf3 g6 3. Nbd2 d5 4. b3 Bg7 5. Bb2 0-0 6. e3 Nbd7 7. Be2 b6 8. 0-0 Bb7 9. a4 a6 10. a5 b5 11. c4 bxc4 12. bxc4 c5 13. Ra3 cxd4 14. Bxd4 dxc4 15. Nxc4 Ne4 16. Bxg7 Kxg7 17. Qa1+ Ndf6 18. Nb6 Rb8 19. Rd1 Nd6 20. Ne5 Kg8 21. Bg4 Nxg4 22. Nxg4 f6 23. f3 Bc8 24. Nf2 Qe8 25. Rc3 Qb5 26. Nd5 Qe8 27. Rc7 Bd7 28. Ne4 Nxe4 29. Nxe7+ Kh8 30. Rdxd7 Nc5 31. Rd6 Qb5 32. Nd5 Qd3 33. Kf2 Qc2+ 34. Kg3 Rb2 35. Qf1 Qf5 36. Qc4 Qg5+ 37. Qg4 Ne4+ 38. fxe4 Rxg2+ 39. Kxg2 Qxg4+ 40. Kf2 Qh4+ 41. Kf1 Qxh2 42. Rxa6 f5 43. e5 Qh1+ 44. Kf2 Qxd5 45. Raa7 Qxe5 46. Rxh7+ Kg8 47. Rhe7 Qf6 48. a6 f4 49. exf4 Qxf4+ 50. Ke2 Qf3+ 51. Ke1 Rd8 52. Rad7 Rxd7 53. Rxd7 Qc3+ 54. Ke2 Qc4+ 0-1

[Event "PRO League Prelim"]
[Site "Chess.com INT"]
[Date "2023.02.21"]
[Round "2.2"]
[White "Sevian, Samuel"]
[Black "Henderson de la Fuente, Lance"]
[Result "1-0"]
[WhiteElo "2687"]
[BlackElo "2505"]
[PlyCount "77"]
[EventDate "2023.02.14"]
[EventType "team-swiss (rapid)"]
[EventRounds "5"]
[EventCountry "USA"]
[SourceTitle "CBM 213 Extra"]
[Source "ChessBase"]
[SourceDate "2023.05.31"]
[SourceVersion "1"]
[SourceVersionDate "2023.05.31"]
[SourceQuality "1"]
[WhiteTeam "Garden State Passers"]
[BlackTeam "Spanish Maniac Shrimps"]
[WhiteTeamCountry "USA"]
[BlackTeamCountry "ESP"]

1. c4 Nf6 2. Nc3 e5 3. Nf3 Nc6 4. a3 a5 5. e3 Be7 6. d4 exd4 7. exd4 d5 8. h3 0-0 9. cxd5 Nxd5 10. Bd3 Nxc3 11. bxc3 Bf6 12. 0-0 Ne7 13. Rb1 b6 14. Ng5 Bf5 15. Ne4 Nd5 16. Qf3 Bxe4 17. Bxe4 c6 18. c4 Ne7 19. Be3 Rc8 20. Rfd1 Re8 21. d5 cxd5 22. cxd5 Ng6 23. d6 Nh4 24. Bxh7+ Kxh7 25. Qh5+ Kg8 26. d7 Rxe3 27. dxc8Q Qxc8 28. fxe3 Qc2 29. Qg4 Qc3 30. Qe4 Qxa3 31. Rxb6 Ng6 32. Rb8+ Kh7 33. Rb7 Qa2 34. Rf1 a4 35. h4 Kh6 36. Rb5 Qe2 37. Ra5 Bxh4 38. Qf3 Qxf3 39. gxf3 1-0

[Event "Catalunya-chT Gp1"]
[Site "Barcelona"]
[Date "2023.02.04"]
[Round "3.1"]
[White "Narciso Dublan, Marc"]
[Black "Henderson de la Fuente, Lance"]
[Result "1/2-1/2"]
[WhiteElo "2432"]
[BlackElo "2506"]
[PlyCount "169"]
[EventDate "2023.01.21"]
[EventType "team-tourn"]
[EventRounds "7"]
[EventCountry "ESP"]
[SourceTitle "CBM 213 Extra"]
[Source "ChessBase"]
[SourceDate "2023.05.31"]
[SourceVersion "1"]
[SourceVersionDate "2023.05.31"]
[SourceQuality "1"]
[WhiteTeam "Ateneu Colon"]
[BlackTeam "Andorra"]
[WhiteTeamCountry "ESP"]
[BlackTeamCountry "AND"]

1. d4 Nf6 2. Bf4 b6 3. e3 Bb7 4. Nf3 g6 5. Be2 Bg7 6. 0-0 0-0 7. c4 d6 8. Nc3 Ne4 9. Nxe4 Bxe4 10. Qb3 Nd7 11. Rfd1 a5 12. Nd2 a4 13. Qa3 Bb7 14. Bf3 Bxf3 15. Nxf3 c5 16. Rac1 Qb8 17. Qd3 Qb7 18. Rc2 b5 19. cxb5 Ra5 20. e4 Rxb5 21. e5 cxd4 22. exd6 e5 23. Rc7 Qb6 24. Rxd7 exf4 25. Ra7 Rxb2 26. Rxa4 Qxd6 27. h3 Qd5 28. Rd2 Rxd2 29. Qxd2 Rd8 30. Ra3 Qc5 31. Rb3 g5 32. Qd3 h6 33. a4 Rc8 34. Rb7 Qc1+ 35. Kh2 Qc2 36. Qb3 Qxb3 37. Rxb3 Rc2 38. Kg1 Ra2 39. Rb4 d3 40. Rb8+ Bf8 41. Rd8 Kg7 42. Rxd3 Bc5 43. Rd2 Ra1+ 44. Kh2 Rxa4 45. g4 fxg3+ 46. fxg3 f6 47. g4 Kg6 48. Rc2 Ba7 49. Rc6 Bb8+ 50. Kg2 Ra2+ 51. Kf1 Ra4 52. Kg2 Rb4 53. Ra6 Rb2+ 54. Kf1 Rb4 55. Kg2 Bf4 56. Rc6 Rb2+ 57. Kf1 Rb4 58. Kg2 Ra4 59. Kf2 Ra2+ 60. Kf1 Kf7 61. Rc3 Ra4 62. Rb3 Ra2 63. Rd3 Bb8 64. Rd2 Rxd2 65. Nxd2 Ke6 66. Ke2 Bf4 67. Nf3 Kd5 68. Kf2 Ke4 69. Kg2 Ke3 70. Ne1 Ke2 71. Nf3 Be3 72. Nh2 Kd3 73. Nf3 Ke4 74. Ne1 f5 75. gxf5 Kxf5 76. Nf3 Ke4 77. Ne1 Bf4 78. Nf3 Bc7 79. Ne1 h5 80. Nf3 g4 81. hxg4 hxg4 82. Nh4 Be5 83. Kf2 Bf6 84. Kg3 Bxh4+ 85. Kxg4 1/2-1/2

[Event "Vaduz ESNA 4th"]
[Site "Vaduz"]
[Date "2022.09.28"]
[Round "6"]
[White "Henderson de la Fuente, Lance"]
[Black "Kirby, Peter J"]
[Result "1-0"]
[WhiteElo "2504"]
[BlackElo "2011"]
[PlyCount "55"]
[EventDate "2022.09.25"]
[EventType "tourn"]
[EventRounds "9"]
[EventCountry "LIE"]
[SourceTitle "CBM 210 Extra"]
[Source "ChessBase"]
[SourceDate "2022.11.30"]
[SourceVersion "1"]
[SourceVersionDate "2022.11.30"]
[SourceQuality "1"]

1. e4 c5 2. Nf3 Nc6 3. Bb5 d6 4. 0-0 Bd7 5. Re1 e6 6. c3 a6 7. Bxc6 Bxc6 8. d4 d5 9. Ne5 Nf6 10. Nxc6 bxc6 11. Qa4 Qd7 12. e5 Ng8 13. dxc5 Bxc5 14. Qg4 g6 15. Qf3 Bf8 16. Nd2 Bg7 17. Nb3 Ne7 18. Bg5 Qc7 19. Bf6 Bxf6 20. Qxf6 Rf8 21. Rac1 c5 22. c4 d4 23. Nd2 h5 24. h3 Nc6 25. Ne4 Qxe5 26. Qh4 f6 27. f4 Qc7 28. Nxc5 1-0

[Event "Vaduz ESNA 4th"]
[Site "Vaduz"]
[Date "2022.09.26"]
[Round "3"]
[White "Henderson de la Fuente, Lance"]
[Black "Mizzi, Jack"]
[Result "1-0"]
[WhiteElo "2504"]
[BlackElo "1863"]
[PlyCount "91"]
[EventDate "2022.09.25"]
[EventType "tourn"]
[EventRounds "9"]
[EventCountry "LIE"]
[SourceTitle "CBM 210 Extra"]
[Source "ChessBase"]
[SourceDate "2022.11.30"]
[SourceVersion "1"]
[SourceVersionDate "2022.11.30"]
[SourceQuality "1"]

1. d4 Nf6 2. Nf3 d5 3. c4 e6 4. g3 Nbd7 5. Bg2 Be7 6. 0-0 0-0 7. Qc2 c5 8. cxd5 exd5 9. Nc3 b6 10. Bf4 Bb7 11. Rad1 Rc8 12. dxc5 Nxc5 13. Qb1 Qe8 14. Nd4 Ne6 15. Be3 Bc5 16. Nf5 Rd8 17. Bxc5 bxc5 18. b4 c4 19. b5 g6 20. Nd4 Nc5 21. a4 Qe5 22. Qb4 Rc8 23. Nf3 Qc7 24. Nd4 a5 25. Qa3 Qb6 26. Qc1 Ne6 27. Qe3 Rfe8 28. Nc6 Nc5 29. Qd4 Bxc6 30. Qxf6 Nd7 31. Qf4 Ba8 32. Bxd5 Bxd5 33. Rxd5 Qb7 34. Rfd1 Nc5 35. h4 Ne6 36. Qf6 Qe7 37. Qe5 Qb4 38. Ne4 Re7 39. Nf6+ Kf8 40. Nxh7+ Kg8 41. Nf6+ Kf8 42. Ne4 Kg8 43. Nc3 Nf8 44. Qd4 Rce8 45. h5 Ne6 46. Qf6 1-0

[Event "ESP-chT CECLUB Honor"]
[Site "Linares"]
[Date "2022.09.23"]
[Round "7.1"]
[White "Ibarra Jerez, Jose Carlos"]
[Black "Henderson de la Fuente, Lance"]
[Result "0-1"]
[WhiteElo "2570"]
[BlackElo "2504"]
[PlyCount "48"]
[EventDate "2022.09.17"]
[EventType "team-tourn"]
[EventRounds "7"]
[EventCountry "ESP"]
[SourceTitle "CBM 210 Extra"]
[Source "ChessBase"]
[SourceDate "2022.11.30"]
[SourceVersion "1"]
[SourceVersionDate "2022.11.30"]
[SourceQuality "1"]
[WhiteTeam "Costa Calida"]
[BlackTeam "Silla 60 Aniversario"]
[WhiteTeamCountry "ESP"]
[BlackTeamCountry "ESP"]

1. d4 Nf6 2. Nc3 d5 3. Bf4 c5 4. e4 Nxe4 5. Nxe4 dxe4 6. dxc5 Qa5+ 7. c3 Qxc5 8. Qa4+ Nc6 9. Qxe4 Bf5 10. Qa4 e5 11. Be3 Qa5 12. Qxa5 Nxa5 13. 0-0-0 f6 14. b4 Nc6 15. Kb2 Be6 16. Nf3 a5 17. b5 Nb8 18. b6 Be7 19. Bb5+ Kf7 20. Nd2 a4 21. f4 a3+ 22. Kc2 Rc8 23. fxe5 Ra5 24. exf6 Rxb5 0-1

[Event "Olympiad-44"]
[Site "Chennai"]
[Date "2022.08.06"]
[Round "8.1"]
[White "Henderson de la Fuente, Lance"]
[Black "Quesada Perez, Yasser"]
[Result "1/2-1/2"]
[WhiteElo "2490"]
[BlackElo "2568"]
[PlyCount "170"]
[EventDate "2022.07.29"]
[EventType "team-swiss"]
[EventRounds "11"]
[EventCountry "IND"]
[SourceTitle "CBM 210"]
[Source "ChessBase"]
[SourceDate "2022.10.31"]
[SourceVersion "1"]
[SourceVersionDate "2022.10.31"]
[SourceQuality "1"]
[WhiteTeam "Andorra"]
[BlackTeam "Cuba"]
[WhiteTeamCountry "AND"]
[BlackTeamCountry "CUB"]

1. e4 e5 2. Nf3 Nf6 3. Nxe5 d6 4. Nf3 Nxe4 5. d3 Nf6 6. d4 d5 7. Bd3 Bd6 8. 0-0 0-0 9. Bg5 Bg4 10. Nbd2 Nbd7 11. c3 c6 12. Qc2 Qc7 13. Rfe1 Rfe8 14. Bh4 h6 15. Bg3 Nh5 16. Bh7+ Kf8 17. Bf5 Bxf5 18. Qxf5 Nxg3 19. hxg3 g6 20. Qc2 Kg7 21. Rxe8 Rxe8 22. Re1 Qd8 23. Qd1 b5 24. Rxe8 Qxe8 25. Qe1 Qe6 26. Kf1 Nb6 27. Qxe6 fxe6 28. b3 Kf6 29. Ke2 c5 30. dxc5 Bxc5 31. Ne1 e5 32. f3 h5 33. Nd3 Bd6 34. Nf2 a5 35. g4 Ke6 36. gxh5 gxh5 37. Kd3 Bc5 38. Nh3 a4 39. c4 dxc4+ 40. bxc4 b4 41. Ng5+ Kf5 42. Nge4 Nd7 43. Ng3+ Kg6 44. Ne2 Kf6 45. Ne4+ Ke6 46. Kc2 Be3 47. Kd3 Ba7 48. Kc2 Be3 49. Kd3 Bh6 50. Kc2 h4 51. Kd3 Bf8 52. g3 hxg3 53. N2xg3 Nc5+ 54. Nxc5+ Bxc5 55. Ne2 Kf5 56. Kc2 Be3 57. Kd3 Bf2 58. Kc2 Be3 59. Kd3 Bc5 60. Kc2 Bf8 61. Nc1 e4 62. fxe4+ Kxe4 63. Nd3 Kd4 64. Nb2 a3 65. Nd3 Be7 66. Nc1 Kxc4 67. Nb3 Bg5 68. Na5+ Kb5 69. Nb3 Kc4 70. Na5+ Kd5 71. Nb3 Kc4 72. Na5+ Kb5 73. Nb3 Bf6 74. Kd3 Bc3 75. Kc2 Kc4 76. Na5+ Kd4 77. Nb3+ Ke3 78. Nc1 Bd4 79. Nb3 Bb6 80. Nc1 Kd4 81. Nb3+ Kc4 82. Nd2+ Kb5 83. Nb3 Ka4 84. Nc1 Be3 85. Nb3 Bb6 1/2-1/2

[Event "Olympiad-44"]
[Site "Chennai"]
[Date "2022.08.05"]
[Round "7.1"]
[White "Henderson de la Fuente, Lance"]
[Black "Georgiadis, Nico"]
[Result "1-0"]
[WhiteElo "2490"]
[BlackElo "2578"]
[PlyCount "97"]
[EventDate "2022.07.29"]
[EventType "team-swiss"]
[EventRounds "11"]
[EventCountry "IND"]
[SourceTitle "CBM 210"]
[Source "ChessBase"]
[SourceDate "2022.10.31"]
[SourceVersion "1"]
[SourceVersionDate "2022.10.31"]
[SourceQuality "1"]
[WhiteTeam "Andorra"]
[BlackTeam "Switzerland"]
[WhiteTeamCountry "AND"]
[BlackTeamCountry "SUI"]

1. d4 Nf6 2. Nf3 d5 3. c4 e6 4. Bg5 Bb4+ 5. Nbd2 dxc4 6. Qc2 b5 7. a4 c6 8. Bxf6 gxf6 9. g3 Bb7 10. Bg2 a5 11. 0-0 Nd7 12. b3 cxb3 13. Nxb3 bxa4 14. Rxa4 c5 15. dxc5 Rc8 16. Rd1 Qc7 17. Rc1 0-0 18. Nfd4 Bxg2 19. Kxg2 e5 20. Nf3 Rfe8 21. Qe4 Qc6 22. Qxc6 Rxc6 23. Nxa5 Bxa5 24. Rxa5 h5 25. Nh4 e4 26. Ra7 Rxc5 27. Rxc5 Nxc5 28. Nf5 Re5 29. Nh6+ Kg7 30. Nxf7 Rd5 31. Ng5+ Kg8 32. Nh3 h4 33. gxh4 Ne6 34. e3 Rh5 35. Re7 Re5 36. Kg3 Kf8 37. Ra7 Kg8 38. Kg4 Rb5 39. h5 Ng7 40. h6 Nf5 41. h7+ Kh8 42. Kh5 Ne7+ 43. Kh6 Nf5+ 44. Kg6 Nh4+ 45. Kxf6 Rb6+ 46. Ke5 Nf3+ 47. Kd5 Rh6 48. Nf4 Ng5 49. h4 1-0

[Event "Olympiad-44"]
[Site "Chennai"]
[Date "2022.07.31"]
[Round "3.1"]
[White "Rehan, Deng Cypriano"]
[Black "Henderson de la Fuente, Lance"]
[Result "0-1"]
[WhiteElo "2105"]
[BlackElo "2490"]
[PlyCount "97"]
[EventDate "2022.07.29"]
[EventType "team-swiss"]
[EventRounds "11"]
[EventCountry "IND"]
[SourceTitle "CBM 210"]
[Source "ChessBase"]
[SourceDate "2022.10.31"]
[SourceVersion "1"]
[SourceVersionDate "2022.10.31"]
[SourceQuality "1"]
[WhiteTeam "South Sudan"]
[BlackTeam "Andorra"]
[WhiteTeamCountry "SUD"]
[BlackTeamCountry "AND"]

1. e4 c6 2. d4 d5 3. Nc3 dxe4 4. Nxe4 Bf5 5. Nc5 Qc7 6. Nf3 h6 7. Ne5 e6 8. Bf4 Bd6 9. Bd3 Bxd3 10. Qxd3 Nf6 11. 0-0-0 b6 12. Ne4 Nxe4 13. Qxe4 Nd7 14. Bg3 Nxe5 15. Bxe5 0-0 16. Rd3 Bxe5 17. dxe5 Rad8 18. Rhd1 Rd5 19. Rxd5 cxd5 20. Qe2 Rc8 21. c3 Qc4 22. Qxc4 Rxc4 23. f3 Kh7 24. Kd2 Ra4 25. a3 Kg6 26. Ke3 Kf5 27. Rd4 Ra5 28. Rf4+ Kg6 29. h4 f5 30. exf6 gxf6 31. Rg4+ Kf7 32. h5 Rc5 33. Kd3 Rc8 34. Rg6 Rg8 35. Rxg8 Kxg8 36. c4 dxc4+ 37. Kxc4 a6 38. a4 Kf7 39. g4 Ke7 40. a5 b5+ 41. Kc5 Kd7 42. Kb6 b4 43. Kxa6 Kc6 44. b3 e5 45. Ka7 Kc7 46. a6 Kc8 47. Kb6 Kb8 48. Kb5 Kc7 49. Kc5 0-1

[Event "Olympiad-44"]
[Site "Chennai"]
[Date "2022.07.30"]
[Round "2.1"]
[White "Henderson de la Fuente, Lance"]
[Black "Sargissian, Gabriel"]
[Result "1/2-1/2"]
[WhiteElo "2490"]
[BlackElo "2698"]
[PlyCount "63"]
[EventDate "2022.07.29"]
[EventType "team-swiss"]
[EventRounds "11"]
[EventCountry "IND"]
[SourceTitle "CBM 210"]
[Source "ChessBase"]
[SourceDate "2022.10.31"]
[SourceVersion "1"]
[SourceVersionDate "2022.10.31"]
[SourceQuality "1"]
[WhiteTeam "Andorra"]
[BlackTeam "Armenia"]
[WhiteTeamCountry "AND"]
[BlackTeamCountry "ARM"]

1. e4 e5 2. Nf3 Nc6 3. Bb5 a6 4. Bxc6 dxc6 5. 0-0 Qf6 6. d4 exd4 7. Qxd4 Qxd4 8. Nxd4 Bd7 9. Nc3 0-0-0 10. Be3 Ne7 11. Rad1 Ng6 12. f3 Re8 13. Nb3 b6 14. Nd2 h5 15. Ne2 Ne5 16. b3 c5 17. h3 g6 18. Nf4 Be7 19. Nd5 Bd8 20. Rfe1 g5 21. Bf2 Rhg8 22. g4 Rh8 23. Bg3 Rh6 24. Kg2 Nc6 25. Nc4 b5 26. Nce3 Nb4 27. c3 Nxd5 28. Rxd5 Rc6 29. Rdd1 hxg4 30. hxg4 c4 31. bxc4 Be6 32. cxb5 1/2-1/2

[Event "Online Olym Div Top-C"]
[Site "Chess.com INT"]
[Date "2021.09.11"]
[Round "8.5"]
[White "Henderson de la Fuente, Lance"]
[Black "Esipenko, Andrey"]
[Result "0-1"]
[WhiteElo "2491"]
[BlackElo "2720"]
[PlyCount "54"]
[EventDate "2021.09.09"]
[EventType "team (rapid)"]
[EventRounds "9"]
[EventCountry "USA"]
[SourceTitle "CBM 204 Extra"]
[Source "ChessBase"]
[SourceDate "2021.11.30"]
[SourceVersion "1"]
[SourceVersionDate "2021.11.30"]
[SourceQuality "1"]
[WhiteTeam "Spain"]
[BlackTeam "Russia"]
[WhiteTeamCountry "ESP"]
[BlackTeamCountry "RUS"]

1. d4 Nf6 2. Nf3 d5 3. g3 e6 4. c4 Bb4+ 5. Bd2 Be7 6. Bg2 0-0 7. 0-0 Nbd7 8. Qc2 c6 9. Bg5 b6 10. Nbd2 Bb7 11. Rac1 c5 12. dxc5 Nxc5 13. Rfd1 Qe8 14. Nd4 Rc8 15. Qb1 h6 16. Bxf6 Bxf6 17. Nb5 Rd8 18. b4 Na4 19. Nxa7 Nc3 20. Rxc3 Bxc3 21. Nb5 Bxd2 22. Rxd2 dxc4 23. Rxd8 Qxd8 24. Bxb7 Qd7 25. Na3 Qxb7 26. Nxc4 Qd5 27. Qb3 Rc8 0-1

[Event "World Cup U18 KO"]
[Site "Tornelo INT"]
[Date "2021.08.26"]
[Round "1.1"]
[White "Liyanage, Ranindu Dilshan"]
[Black "Henderson de la Fuente, Lance"]
[Result "1-0"]
[WhiteElo "2203"]
[BlackElo "2491"]
[PlyCount "109"]
[EventDate "2021.08.26"]
[EventType "k.o. (rapid)"]
[EventRounds "4"]
[EventCountry "NET"]
[SourceTitle "CBM 204 Extra"]
[Source "ChessBase"]
[SourceDate "2021.11.30"]
[SourceVersion "1"]
[SourceVersionDate "2021.11.30"]
[SourceQuality "1"]

1. e4 c5 2. Nf3 e6 3. d4 cxd4 4. Nxd4 Nc6 5. Nc3 Qc7 6. Be3 a6 7. g4 d6 8. Nxc6 bxc6 9. Bg2 e5 10. h3 Ne7 11. h4 Rb8 12. Rb1 Be6 13. 0-0 Qd7 14. f3 h5 15. gxh5 Rxh5 16. f4 Rxh4 17. f5 Bc4 18. Rf2 f6 19. Rd2 Nc8 20. b3 Bf7 21. Na4 Qc7 22. Qf1 d5 23. Qf2 Rg4 24. Qe2 Rxg2+ 25. Kxg2 d4 26. Bf2 Qb7 27. c3 c5 28. cxd4 cxd4 29. Rc2 g6 30. Rbc1 Bd6 31. Qf3 Ne7 32. fxg6 Bxg6 33. Qxf6 Bxe4+ 34. Kg1 Bxc2 35. Qxd6 d3 36. Nc5 Qc6 37. Qxb8+ Kf7 38. Qxe5 Qg6+ 39. Kf1 Qg4 40. Re1 Ng6 41. Qd5+ Kg7 42. Qd4+ Qxd4 43. Bxd4+ Kf7 44. Bc3 Nh4 45. Re3 Nf5 46. Rf3 Kg6 47. Nxd3 Nh4 48. Ne5+ Kg5 49. Bd2+ Kh5 50. Rf6 Nf5 51. Rxa6 Kh4 52. Rc6 Be4 53. Rc4 Nd6 54. Rd4 Kg3 55. Rxd6 1-0

[Event "World Cup U18 Prel"]
[Site "Tornelo INT"]
[Date "2021.08.20"]
[Round "10"]
[White "Henderson de la Fuente, Lance"]
[Black "Anuj, Shrivatri"]
[Result "1-0"]
[WhiteElo "2491"]
[BlackElo "2350"]
[PlyCount "87"]
[EventDate "2021.08.16"]
[EventType "swiss (rapid)"]
[EventRounds "10"]
[EventCountry "NET"]
[SourceTitle "CBM 203 Extra"]
[Source "ChessBase"]
[SourceDate "2021.09.30"]
[SourceVersion "1"]
[SourceVersionDate "2021.09.30"]
[SourceQuality "1"]

1. e4 e5 2. Nf3 Nc6 3. Bb5 g6 4. 0-0 Bg7 5. c3 a6 6. Ba4 b5 7. Bb3 d6 8. d4 exd4 9. Nxd4 Bb7 10. Nxc6 Bxc6 11. Re1 Ne7 12. Bg5 h6 13. Bh4 Qd7 14. Nd2 0-0 15. Nf3 Kh8 16. Qd2 Rae8 17. Rad1 Qc8 18. Qf4 f5 19. e5 Bxf3 20. gxf3 g5 21. Bxg5 Ng6 22. Qd2 Nxe5 23. Rxe5 Rxe5 24. Bxh6 f4 25. Bxf4 Ref5 26. Bg3 Qe8 27. Re1 Qh5 28. Re4 Bf6 29. Be6 Rg5 30. Bg4 Qh7 31. Re6 Qg7 32. Kg2 Be5 33. Qe3 Rf6 34. Re8+ Kh7 35. Qe4+ Qg6 36. Re7+ Kh6 37. Qe3 Rf7 38. Rxf7 Qxf7 39. h4 Bf6 40. hxg5+ Bxg5 41. Qe4 Qxa2 42. f4 Bf6 43. Qf5 Kg7 44. Bh5 1-0

[Event "Leon Young Talents 34th"]
[Site "Chess.com INT"]
[Date "2021.07.08"]
[Round "1.1"]
[White "Henderson de la Fuente, Lance"]
[Black "Martinez Alcantara, Jose Eduardo"]
[Result "1-0"]
[WhiteElo "2491"]
[BlackElo "2620"]
[PlyCount "77"]
[EventDate "2021.07.08"]
[EventType "k.o. (rapid)"]
[EventRounds "2"]
[EventCountry "ESP"]
[SourceTitle "CBM 203 Extra"]
[Source "ChessBase"]
[SourceDate "2021.09.30"]
[SourceVersion "1"]
[SourceVersionDate "2021.09.30"]
[SourceQuality "1"]

1. d4 Nf6 2. Nf3 e6 3. c4 Bb4+ 4. Bd2 Qe7 5. g3 Bxd2+ 6. Nbxd2 d6 7. Bg2 e5 8. e4 0-0 9. 0-0 a5 10. Re1 Bg4 11. h3 Bxf3 12. Nxf3 Nc6 13. d5 Nb4 14. Qd2 Na6 15. Qxa5 Nc5 16. Qc3 Nfxe4 17. Qc2 f5 18. b4 Na6 19. a3 g6 20. h4 Nb8 21. a4 Nd7 22. a5 Ndf6 23. Nh2 g5 24. Nf3 g4 25. Nh2 Qg7 26. Nf1 Qg6 27. Ra3 Kh8 28. Ra2 Rac8 29. Qd3 Rf7 30. Rc2 Rd8 31. Rcc1 Ra8 32. Ra1 Raf8 33. Rac1 Nh5 34. c5 Nef6 35. c6 bxc6 36. dxc6 f4 37. Qxg6 hxg6 38. gxf4 Nxf4 39. b5 1-0

[Event "Leon Blitz op 34th"]
[Site "Chess.com INT"]
[Date "2021.07.07"]
[Round "5"]
[White "Henderson de la Fuente, Lance"]
[Black "Gabrielian, Artur"]
[Result "1-0"]
[WhiteElo "2491"]
[BlackElo "2460"]
[PlyCount "131"]
[EventDate "2021.07.07"]
[EventType "swiss (blitz)"]
[EventRounds "14"]
[EventCountry "ESP"]
[SourceTitle "CBM 203 Extra"]
[Source "ChessBase"]
[SourceDate "2021.09.30"]
[SourceVersion "1"]
[SourceVersionDate "2021.09.30"]
[SourceQuality "1"]

1. e4 c5 2. Nf3 Nc6 3. d4 cxd4 4. Nxd4 Nf6 5. Nc3 d6 6. h3 e6 7. g4 Be7 8. Bg2 0-0 9. 0-0 a6 10. a4 Qc7 11. Nb3 b6 12. g5 Nd7 13. f4 Rb8 14. f5 b5 15. axb5 axb5 16. Ne2 Re8 17. Nf4 Bxg5 18. fxe6 fxe6 19. Qh5 Qd8 20. Nxe6 Rxe6 21. Qf7+ Kh8 22. Bxg5 Qe8 23. Rad1 h6 24. Qxe8+ Rxe8 25. Rxd6 hxg5 26. Rxc6 Ne5 27. Rc7 Rb7 28. Rc5 b4 29. Nd4 Rd7 30. Nb3 Rde7 31. Ra1 g4 32. hxg4 Bxg4 33. Nd4 Rd7 34. Rd5 Rc7 35. Kf2 Bd7 36. Kg3 g6 37. Ra6 Kg7 38. Rb6 Nc4 39. Rxb4 Ne3 40. Rd6 Re7 41. Rbb6 Be8 42. Ne6+ Rxe6 43. Rxe6 Bf7 44. Rec6 Rd7 45. Bf3 Rd2 46. c3 g5 47. Rc7 Nf1+ 48. Kh3 Rf2 49. Bg2 g4+ 50. Kxg4 Rxg2+ 51. Kf3 Rg6 52. Rxg6+ Kxg6 53. Rd7 Kf6 54. Kf4 Bc4 55. Rd4 Be2 56. b4 Ke6 57. c4 Ke7 58. b5 Nh2 59. Rd2 Bxc4 60. Rxh2 Bxb5 61. Ke5 Kf7 62. Rh7+ Kg6 63. Rc7 Bd3 64. Kd5 Bf1 65. e5 Bh3 66. Kd6 1-0

[Event "Leon Blitz op 34th"]
[Site "Chess.com INT"]
[Date "2021.07.07"]
[Round "6"]
[White "Onischuk, Vladimir"]
[Black "Henderson de la Fuente, Lance"]
[Result "1-0"]
[WhiteElo "2622"]
[BlackElo "2491"]
[PlyCount "73"]
[EventDate "2021.07.07"]
[EventType "swiss (blitz)"]
[EventRounds "14"]
[EventCountry "ESP"]
[SourceTitle "CBM 203 Extra"]
[Source "ChessBase"]
[SourceDate "2021.09.30"]
[SourceVersion "1"]
[SourceVersionDate "2021.09.30"]
[SourceQuality "1"]

1. Nf3 c5 2. g3 Nc6 3. Bg2 e5 4. 0-0 g6 5. c4 Bg7 6. Nc3 Nge7 7. d3 0-0 8. Rb1 d6 9. a3 a5 10. Bd2 Rb8 11. Ng5 b6 12. Nb5 Bb7 13. Ne4 Nc8 14. b4 axb4 15. axb4 Nd4 16. bxc5 dxc5 17. Nxd4 exd4 18. Bg5 f6 19. Bf4 Ra8 20. Nxf6+ Qxf6 21. Bxb7 Ra7 22. Bd5+ Kh8 23. Ra1 Re7 24. Ra8 g5 25. Bd2 h6 26. Bf3 Nd6 27. Qa4 Nf7 28. Rxf8+ Bxf8 29. Be4 Ne5 30. f4 gxf4 31. Rxf4 Qg7 32. Qa8 Rf7 33. Rxf7 Nxf7 34. Bf4 Kg8 35. Bd5 Qf6 36. Qe8 h5 37. Bh6 1-0